| 000 | 00843nam a22002777a 4500 | ||
|---|---|---|---|
| 003 | CHAP | ||
| 005 | 20220329140427.0 | ||
| 008 | 971013s1970 r 00010 d | ||
| 010 | _a51794 | ||
| 011 | _a52766 | ||
| 035 | _a56916 | ||
| 040 | _cCHAP | ||
| 082 |
_a301.15 _bW3 |
||
| 100 | 0 | 0 |
_aWard, Charles D. _9121041 |
| 245 | _aLaboratory manual in experimental social psychology | ||
| 260 |
_aNew York : _bHolt, Rinehart and Winston, _c1970 |
||
| 300 | _a468 p. | ||
| 590 |
_aBATCH-UPD _b10 _c20130110 _lUCH01 _h0500 |
||
| 590 |
_aBATCH-UPD _b10 _c20130410 _lUCH01 _h0138 |
||
| 590 |
_aBATCH-UPD _b10 _c20130914 _lUCH01 _h1945 |
||
| 590 |
_aCONVERSION _b10 _c20130109 _lUCH01 _h1328 |
||
| 650 | 1 | 4 |
_aPsicologĂa social. _992616 |
| 901 | _aBK | ||
| 942 | _cLIBRO | ||
| 949 |
_a301.15 W3 _bBC _cLIBRO _d33724000289468 _eLIBRO _h28969 _i56916 _si _t88.00 |
||
| 999 |
_c51794 _d51794 |
||